• 首页
  • 本馆介绍
  • 公告通知
  • 最新文献
  • 馆藏检索
  • 电子资源
  • 读者导购
  • 参考咨询
  • 我的图书馆
  • 登录
  • 详细信息显示
  • 放入我的书架
  • 预约/预借图书
  • 作者相关作品
  • 分类相关作品
  • 丛书相关作品
  • 出版社相关作品

书目信息

  • 表格格式
  • 工作单格式
  • 卡片格式
题名:
乐清黄杨木雕
    
 
作者: 刘瑞坤 编著
分册:  
出版信息: 杭州   浙江摄影出版社  2009
页数: 149页, [1] 叶图版
开本: 23cm
丛书名: 浙江省非物质文化遗产代表作丛书
单 册:
中图分类: J314.2
科图分类:
主题词: 木雕--简介--乐清市
电子资源:
ISBN: 978-7-80686-774-7
000 00932nam 2200253 450
001 2346547699
005 20231212125558.43
010    @a978-7-80686-774-7@dCNY42.00
100    @a20090506d2009 em y0chiy50 ea
101 0  @achi
102    @aCN@b330000
105    @aacf z 000yy
200 1  @a乐清黄杨木雕@Ayue qing huang yang mu diao@f刘瑞坤编著
210    @a杭州@c浙江摄影出版社@d2009
215    @a149页, [1] 叶图版@c彩图, 肖像@d23cm
225 2  @a浙江省非物质文化遗产代表作丛书@Azhe jiang sheng fei wu zhi wen hua yi chan dai biao zuo cong shu
300    @a第一批国家级非物质文化遗产浙江省项目
330    @a本书为“浙江省非物质文化遗产代表作丛书”之一。讲述乐清黄杨木雕的历史沿革、艺术特色、保护传承的相关情况。
410  0 @12001 @a浙江省非物质文化遗产代表作丛书
606 0  @a木雕@x简介@y乐清市
690    @aJ314.2@v5
701  0 @a刘瑞坤@Aliu rui kun@4编著
801  0 @aCN@b湖北三新@c20090808
905    @aBZT@dJ314.2@e8
    
    乐清黄杨木雕/刘瑞坤编著.-杭州:浙江摄影出版社,2009
    149页, [1] 叶图版:彩图, 肖像;23cm.-(浙江省非物质文化遗产代表作丛书)
    第一批国家级非物质文化遗产浙江省项目
    
    ISBN 978-7-80686-774-7:CNY42.00
    本书为“浙江省非物质文化遗产代表作丛书”之一。讲述乐清黄杨木雕的历史沿革、艺术特色、保护传承的相关情况。
●
相关链接 在五车中查询图书 在当当中查询图书 在豆瓣中查询图书


正题名:乐清黄杨木雕     索取号:J314.2/8         预约/预借

序号 登录号 条形码 馆藏地/架位号 状态 备注
1 2001451986   2001451986   516书库/ [索取号:J314.2/8] 在馆    
2 2001451987   2001451987   516书库/ [索取号:J314.2/8] 在馆    
3 2001451988   2001451988   516书库/ [索取号:J314.2/8] 在馆    
4 2001451989   2001451989   516书库/ [索取号:J314.2/8] 在馆    
5 2001451990   2001451990   516书库/ [索取号:J314.2/8] 在馆    
6 2001451991   2001451991   516书库/ [索取号:J314.2/8] 在馆    
7 2001451992   2001451992   516书库/ [索取号:J314.2/8] 在馆    
8 2001451993   2001451993   516书库/ [索取号:J314.2/8] 在馆    
9 2001451994   2001451994   516书库/ [索取号:J314.2/8] 在馆    
10 2001451995   2001451995   516书库/ [索取号:J314.2/8] 在馆    
11 2001451996   2001451996   516书库/ [索取号:J314.2/8] 在馆    
12 2001451997   2001451997   516书库/ [索取号:J314.2/8] 在馆    
13 2001451998   2001451998   516书库/ [索取号:J314.2/8] 在馆    
14 2001451999   2001451999   516书库/ [索取号:J314.2/8] 在馆    
15 2001452000   2001452000   516书库/ [索取号:J314.2/8] 在馆    
16 2001452001   2001452001   516书库/ [索取号:J314.2/8] 在馆    
17 2001452002   2001452002   516书库/ [索取号:J314.2/8] 在馆    
18 2001452003   2001452003   516书库/ [索取号:J314.2/8] 在馆    
19 2001452004   2001452004   516书库/ [索取号:J314.2/8] 在馆    
20 2001452005   2001452005   516书库/ [索取号:J314.2/8] 在馆    
21 2001452006   2001452006   516书库/ [索取号:J314.2/8] 在馆    
22 2001452007   2001452007   516书库/ [索取号:J314.2/8] 在馆    
23 2001452008   2001452008   516书库/ [索取号:J314.2/8] 在馆    
24 2001452009   2001452009   516书库/ [索取号:J314.2/8] 在馆    
25 2001452010   2001452010   516书库/ [索取号:J314.2/8] 在馆    
山东省滨州职业学院图书馆 欢迎您!
大连网信软件有限公司© 版权所有